The 1857 rebellion / (Record no. 9614)

MARC details
000 -LEADER
fixed length control field 00816 a2200205 4500
008 - FIXED-LENGTH DATA ELEMENTS--GENERAL INFORMATION
fixed length control field 100719t xxu||||| |||| 00| 0 eng d
010 ## - LCCN (DPL NO)
LC control number ENG-88973
020 ## - INTERNATIONAL STANDARD BOOK NUMBER
Terms of availability 595.00
International Standard Book Number 9780195690767
035 ## - SYSTEM CONTROL NUMBER
System control number EN-72506
037 ## - SOURCE OF ACQUISITION
Source of stock number/acquisition D.B.Act / Pub
082 ## - DEWEY DECIMAL CLASSIFICATION NUMBER
Classification number 954.083
245 ## - TITLE STATEMENT
Title The 1857 rebellion /
Statement of responsibility, etc edited by Biswamoy Pati
260 ## - PUBLICATION, DISTRIBUTION, ETC. (IMPRINT)
Place of publication, distribution, etc New Delhi
Name of publisher, distributor, etc Oxford University Press
Date of publication, distribution, etc 2008
300 ## - PHYSICAL DESCRIPTION
Extent xliii, 324p.
Dimensions 22 cm ( Hb)
490 ## - SERIES STATEMENT
Series statement Oxford in India readings: debates in Indian history and society/edited by Sayasachi Bhattacharya, B.D. Chattopadhyaya [and] Richard M. Eaton
500 ## - GENERAL NOTE
General note Includes bibliographical references and index
700 ## - ADDED ENTRY--PERSONAL NAME
Personal name Pati, Biswamoy
942 ## - ADDED ENTRY ELEMENTS (KOHA)
Institution code [OBSOLETE] dpl
Item type English Books
Call number prefix 954.083/ REB
Source of classification or shelving scheme Dewey Decimal Classification
Holdings
Withdrawn status Lost status Source of classification or shelving scheme Damaged status Not for loan Collection code Home library Current library Source of acquisition Cost, normal purchase price Total Checkouts Full call number Barcode Date last seen Copy number Cost, replacement price Koha item type
    Dewey Decimal Classification   Not For Loan Non-fiction D.B.Act.Division D.B.Act.Division DBAD/PUB 595.00   954.083 EN-72506 15/09/2008 1 595.00 English Books

© Delhi Public Library
Hit Counter
free hit counter